Страны мира (Запись № 1135830)

Подробности
000 -МАРКЕР
контрольное поле 01499nam0a2200325 4500
001 - ИДЕНТИФИКАТОР ЗАПИСИ
контрольное поле RU\NLR\bibl\1106879
005 - ИДЕНТИФИКАТОР ВЕРСИИ
контрольное поле 20260405191612.0
010 ## - МЕЖДУНАРОДНЫЙ СТАНДАРТНЫЙ НОМЕР КНИГИ (ISBN)
Номер (ISBN) 5-94849-835-2
Тираж 3000
021 ## - НОМЕР ГОСУДАРСТВЕННОЙ РЕГИСТРАЦИИ
Код страны Российская Федерация
Номер 2007-36861
Номер Листа государственной регистраци 1965
035 ## - ДРУГИЕ СИСТЕМНЫЕ НОМЕРА
Идентификатор записи (NLR Aleph) 001093937
100 ## - ДАННЫЕ ОБЩЕЙ ОБРАБОТКИ
Данные общей обработки 20070710d2006 |||y0rusy50 ca
101 0# - ЯЗЫК РЕСУРСА
Язык текста, звукозаписи и т.д. русский
102 ## - СТРАНА ПУБЛИКАЦИИ ИЛИ ПРОИЗВОДСТВА
Страна публикации Российская Федерация
105 ## - ПОЛЕ КОДИРОВАННЫХ ДАННЫХ: ТЕКСТОВЫЕ МАТЕРИАЛЫ, МОНОГРАФИЧЕСКИЕ
Кодированные данные о монографическом текстовом документе a |||||||||
200 1# - ЗАГЛАВИЕ И СВЕДЕНИЯ ОБ ОТВЕТСТВЕННОСТИ
Основное заглавие Страны мира
Сведения, относящиеся к заглавию большая географическая энциклопедия
-- для школьников и студентов
Первые сведения об ответственности [Аксенова Л.А. и др.
Последующие сведения об ответственности науч. ред. д.г.н. Люри Д.И.]
210 ## - ПУБЛИКАЦИЯ, РАСПРОСТРАНЕНИЕ И ДР.
Место издания, распространения и т.д. Москва
Имя издателя, распространителя и т. д. ОЛМА-ПРЕСС Образование
Дата издания, распространения и т.д. 2006
215 ## - ФИЗИЧЕСКАЯ ХАРАКТЕРИСТИКА
Специфическое обозначение материала и объем 638,[1] с.
Другие сведения о физической характеристике ил., цв. ил., портр.
Размеры 27
300 ## - ОБЩИЕ ПРИМЕЧАНИЯ
Текст примечания Загл. обл.: Большая географическая энциклопедия
512 1# - ЗАГЛАВИЕ ОБЛОЖКИ
Заглавие обложки Большая географическая энциклопедия
607 ## - ГЕОГРАФИЧЕСКОЕ НАИМЕНОВАНИЕ КАК ПРЕДМЕТ
Географическое наименование Страны мира
Формальный подзаголовок Энциклопедии
Тематический подзаголовок География
Системный номер авторитетной/нормативной записи 2512249
Идентификатор авторитетной/нормативной записи RU\NLR\auth\661489206
686 ## - ИНДЕКСЫ ДРУГИХ КЛАССИФИКАЦИЙ
Индекс Д890(0)я20
702 #1 - ИМЯ ЛИЦА - ВТОРИЧНАЯ ОТВЕТСТВЕННОСТЬ
Код отношения Редактор
Материалы, к которым относится поле rus
Графика поля Кириллица
Начальный элемент ввода Люри
Часть имени, кроме начального элемента ввода Д. И.
Расширение инициалов личного имени Дмитрий Игоревич
Идентификатор авторитетной/нормативной записи RU\NLR\auth\7783611
Системный номер авторитетной/нормативной записи 66539
702 #1 - ИМЯ ЛИЦА - ВТОРИЧНАЯ ОТВЕТСТВЕННОСТЬ
Материалы, к которым относится поле rus
Графика поля Кириллица
Начальный элемент ввода Аксенова
Часть имени, кроме начального элемента ввода Л. А.
Расширение инициалов личного имени Людмила Александровна
Идентификатор авторитетной/нормативной записи RU\NLR\auth\7783608
Системный номер авторитетной/нормативной записи 66536
801 #0 - ИСТОЧНИК ЗАПИСИ
Страна Российская Федерация
Организация NLR
Дата составления 20070710
Правила каталогизации RCR
801 #1 - ИСТОЧНИК ЗАПИСИ
Страна Российская Федерация
Организация NLR
Дата составления 20070710
830 ## - ОБЩЕЕ ПРИМЕЧАНИЕ, СОСТАВЛЕННОЕ КАТАЛОГИЗАТОРОМ
Текст примечания ред. по кат., сост. нет
942 ## - ДОПОЛНИТЕЛЬНЫЕ ЭЛЕМЕНТЫ ЗАПИСИ (АБИС)
Тип экземпляра АБИС Книга
980 ## - КОЛЛЕКЦИЯ
Название коллекции Национальная библиография
Экземпляры
Тип экземпляра Дата поступления Источник поступления Библиотека постоянного хранения Библиотека текущего хранения Место хранения Шифр хранения Штрих-код Статус экземпляра
Книга 10.07.2007 Обязательный экземпляр РНБ (Московский) РНБ (Московский) Центральная справочная библиотека С 2007-4/87 1-742243  
Книга 10.07.2007 Обязательный экземпляр РНБ (Московский) РНБ (Московский) Центральная справочная библиотека С 2007-4/87 1-742247